02158nam a22002777a 4500003000900000008004100009040007100050082002700121245007200148260003300220300002900253440005600282505122800338650001201566650003201578650002201610650002401632650002701656650003001683700002901713700002801742700002601770700002701796700003101823700002601854AR-CdUCM190425b ||||| |||| 00| 0 spa d aMUNICIPALIDAD PROVINCIAL DEL CUSCOcBIBLIOTECA MUNICIPAL DEL CUSCO aTupacAmaru/N°6-7/1966 aRevista Tupac Amaru :bÓrgano eventual de la provincia de Canas / aCusco :bH. G. Rozas,c1966. a145 páginas. :c28 cm. aRevista Tupac Amaru.nAño V, Vol. V, N°6-7, 1966 aContenido: Canas centro turístico. Octavio Linares. -- La cuadrilla. Lino Casafranca Gamarra. -- La revolución social de Tupac Amaru el Grande. Ernesto Valdivia Pezo. -- Rebaños mejorados e inseminación artificial en ovinos corriedale del departamento de Puno. Hernán Alencastre. -- El integracionismo latinoamericano. Luis Flores Caballero. -- La opinión que tuvieron los hombres más grandes sobre Tupac Amaru II. Claudio L. Lazo C. -- Las guerrillas indígenas de Chiyaraqe y Toqto. Mario A. Gilt Contreras. -- Campaña de alfabetización y educación. Delia Chiesa de Tagle. -- Proyecto de plan de estudios para la facultad de derecho y ciencias sociales. Alfredo Rossetti. -- Tupac Amaru y Cicerón. Alcides Estrada. -- Homenaje a Tupac Amaru. Juan de la Cruz Salas. -- El escritor cuzqueño. José Uriel García. Uriel Montufar. -- El Crédito Agrario. Pedro Valcárcel Gamarra. -- Proyecto de reorganización de la facultad de Ciencias Económicas y comerciales de la Universidad del Cuzco. Jorge Aguirre. -- Poesía. María Dora. -- Prosa. Julio Garrido Malaver. -- Documentos. Ley 15962, antecedentes discurso de diputado por el Cuzco. Lucio Muñiz Flores. -- Arte. Santiago Guillen.  aTurismo aDerecho y Ciencias sociales aMedicina física aHistoria cusqueña aLevantamientos andinos aRebelión de Tupac Amaru aCasafranca Gamarra, Lino aValdivia Pezo, Ernesto  aAlencastre, Hernán  aFlores Caballero, Luis aValcárcel Gamarra, Pedro aMuñiz Flores, Lucio